| 000 | 00529nam a22001697a 4500 | ||
|---|---|---|---|
| 003 | MACL | ||
| 005 | 20160607122820.0 | ||
| 008 | 160607b xxu||||| |||| 00| 0 eng d | ||
| 040 | _cMACL | ||
| 041 | _aHindi | ||
| 082 | _a920 | ||
| 100 |
_aवर्मा, मनोहर _948840 |
||
| 245 |
_aविश्वप्रसिद्ध महिलाऍ _cमनोहर वर्मा |
||
| 260 |
_aदिल्ली _bसुधा बुक मार्ट _c2010 |
||
| 650 |
_aBiography _962571 |
||
| 942 |
_2ddc _cHIN |
||
| 999 |
_c54228 _d54228 |
||